| 000 | 00766nas a2200241 4500 | ||
|---|---|---|---|
| 001 | BR9511456 | ||
| 003 | BR-BrBNA | ||
| 005 | 20231205095607.0 | ||
| 007 | ta | ||
| 008 | 230509b bl.|||p| |||| 00| 00por d | ||
| 040 |
_aBR-BrBNA _bpor _cBiblioteca Nacional de Agricultura |
||
| 041 | _a(Pt) | ||
| 072 | _aE10 | ||
| 100 | 1 | _aCoelho, C.N. | |
| 100 | 1 | _aVenturelli, P.N. | |
| 245 | 1 | _aAgricultura no Brasil: Desenvolvimento e perspectivas | |
| 650 | _aPolítica Agrícola | ||
| 650 | _aDesenvolvimento Agrícola | ||
| 773 | 0 |
_tRevista de Política Agrícola (Brazil) _x _g(Jan-Mar 1995), v. 4(1) p. 5-11 _wBR9511456 |
|
| 856 | 4 |
_uRev_Pol_Agr_v4_n1-1995.pdf#page=6 _yRecurso eletrônico (PDF) |
|
| 909 |
_a202311 _bLúcia _c55 _dLúcia Elande |
||
| 942 |
_2AGRIS _n0 _cANA |
||
| 999 |
_c151569 _d151569 |
||